Effective small business management : (Record no. 7954)

MARC details
000 -LEADER
fixed length control field 00679cam a22001934a 4500
020 ## - INTERNATIONAL STANDARD BOOK NUMBER
ISBN 0131469843
050 00 - CALL NUMBER
Classification number HD62.7
Item number .S27
100 1# - AUTHOR
Personal name Scarborough, Norman M.
245 10 - TITLE
Title Effective small business management :
Remainder of title an entrepreneurial approach /
Statement of responsibility, etc Norman M. Scarborough, Thomas W. Zimmerer.
250 ## - EDITION
Edition statement 8th ed.
260 ## - PUBLICATION INFORMATION
Place of publication Upper Saddle River, N.J. :
Name of publisher Pearson Prentice Hall,
Year of publication c2006.
300 ## - DESCRIPTION
Number of Pages xvi, 832 p. :
Other physical details ill., plans ;
Dimensions 29 cm.
650 #0 - SUBJECTS
Topical Term Small business
General subdivision Management.
650 #0 - SUBJECTS
Topical Term New business enterprises
General subdivision Management.
650 #0 - SUBJECTS
Topical Term Small business
General subdivision Management.
650 #0 - SUBJECTS
Topical Term New business enterprises
General subdivision Management.
700 1# - OTHER AUTHORS
Personal name Zimmerer, Thomas.
942 ## - ADDED ENTRY ELEMENTS (KOHA)
Koha item type Books
Holdings
Withdrawn status Lost status Home library Current library Date acquired Full call number Accession Number Koha item type
    Methodist University Library Wenchi Faculty Methodist University Library Wenchi Faculty 20/10/2021 HD62.7 .S27 20629 Books
Copyright © 2026  MUG Library